| 000 | 00858nam a22001577a 4500 | ||
|---|---|---|---|
| 003 | OSt | ||
| 005 | 20151027160659.0 | ||
| 008 | 151027b xxu||||| |||| 00| 0 eng d | ||
| 040 | _cRUA | ||
| 082 | _aVTF SET 2004 B114 Or.1 | ||
| 100 |
_92979 _aSETH, KIMSENG. |
||
| 245 | _athe effects of using shrimp by products on growth rat of fattening pig at animal station of royal university of agriculture (ការសិក្សាពីឥទ្ធិពលនៃការប្រើប្រាស់អនុផលបង្គាក្រៀមទៅលើការលូតលាស់របស់ជ្រូកសាច់នៅស្ថានីយ៍ចិញ្ចឹមសត្វនៃសាកលវិទ្យាល័យភូមិន្ទកម្ម) | ||
| 260 |
_aPhnom Penh _bRUA _c2004 |
||
| 300 |
_aix, 38p. _bill. _c29cm. |
||
| 942 |
_2ddc _cVTF` |
||
| 999 |
_c2794 _d2794 |
||